Más allá del bien y del mal: preludio para una filosofía del futuro
Na minha lista:
| Formato: | Livro |
|---|---|
| Idioma: | espanhol |
| Publicado em: |
Madrid
EDAF S. L
2012
|
| Edição: | 24a. ed |
| coleção: | Biblioteca EDAF, 115
|
| Assuntos: | |
| Tags: |
Adicionar Tag
Sem tags, seja o primeiro a adicionar uma tag!
|
MARC
| LEADER | 00000cam a2200000 a 4500 | ||
|---|---|---|---|
| 001 | UCF9689 | ||
| 003 | CL-VaPUC | ||
| 008 | 131206e20121200sp |||||||||||||||||spa|d | ||
| 020 | |a 9788471666147 | ||
| 082 | 0 | 4 | |a 193 |b NIE |2 21 |
| 245 | 1 | 0 | |a Más allá del bien y del mal: preludio para una filosofía del futuro |
| 250 | |a 24a. ed | ||
| 300 | |a 324 p | ||
| 942 | |c BK | ||
| 945 | |d 20131206 11:14:00 |a dcastane | ||
| 260 | |a Madrid |b EDAF S. L |c 2012 | ||
| 650 | 0 | |a Filosofía alemana |9 265002 | |
| 650 | 7 | |a FILOSOFOS ALEMANES |2 CL-VaPUC |9 572060 | |
| 650 | 0 | |a Ética |9 255099 | |
| 583 | |a last modification |c 20131206 11:14:00 |k Rodrigo Vera | ||
| 490 | 0 | |a Biblioteca EDAF, 115 | |
| 999 | |c 354103 |d 354101 | ||
| 952 | |0 0 |1 0 |3 erb |4 0 |6 193_000000000000000_NIE_2012 |7 0 |8 A |9 459757 |a BIBING |b BIBING |i 5027845 |o 193 NIE 2012 |p 5027845 |r 2025-01-20 |w 2019-11-23 |y BK |z Catalogado en:20131206 |k ING | ||